Скобы листовые и пробки, оснащенные твердым сплавом; ГОСТ 16780-71 Пробки двусторонние со вставкой ПР, оснащенные твердым сплавом, диаметром от 6,3 до 50 мм. Конструкция и размеры

Podrobná bibliografie
Korporativní autor: СССР Государственный комитет стандартов (Госстандарт)
Jazyk:ruština
Vydáno: Москва, Изд-во стандартов, 1978
Vydání:Изд. офиц.
TOC:ГОСТ 16780-71 Пробки двусторонние со вставкой ПР, оснащенные твердым сплавом, диаметром от 6,3 до 50 мм. Конструкция и размеры;
Edice:Государственные стандарты
Témata:
Médium: Kniha
KOHA link:https://koha.lib.tpu.ru/cgi-bin/koha/opac-detail.pl?biblionumber=154947

MARC

LEADER 00000nam0a2200000 4500
001 154947
005 20231031152140.0
035 |a (RuTPU)RU\TPU\book\168060 
035 |a RU\TPU\book\168043 
090 |a 154947 
100 |a 20090306d1978 km y0rusy50 ca 
101 0 |a rus 
102 |a RU 
105 |a a l 000zy 
200 1 |a Скобы листовые и пробки, оснащенные твердым сплавом 
205 |a Изд. офиц. 
210 |a Москва  |c Изд-во стандартов  |d 1978 
215 |a 27 с.  |c ил. 
225 1 |a Государственные стандарты 
464 |t ГОСТ 16780-71 Пробки двусторонние со вставкой ПР, оснащенные твердым сплавом, диаметром от 6,3 до 50 мм. Конструкция и размеры 
610 1 |a стандарты 
610 1 |a ГОСТы 
610 1 |a пробки 
610 1 |a конструкция 
610 1 |a размеры 
712 0 1 |a СССР  |b Государственный комитет стандартов (Госстандарт)  |c (1970-1978)  |2 stltpush  |3 (RuTPU)RU\TPU\col\4389 
801 2 |a RU  |b 63413507  |c 20221208  |g PSBO 
942 |c BK